| 000 | 00912nam a2200241Ia 4500 | ||
|---|---|---|---|
| 003 | OSt | ||
| 005 | 20200917122901.0 | ||
| 008 | 191128s2013 ck a gr 000 0 spa d | ||
| 020 | _a9789587585902 | ||
| 040 |
_aCO-JMCR _cCO-JMCR |
||
| 041 | 0 | _aspa | |
| 082 | 0 | 4 |
_a391.2 / _bC346m _223 |
| 100 | 1 |
_aCastaño, Pilar, _eautora _910352 |
|
| 245 | 1 | 3 |
_aLa maravilla de ser mujer : _bguía para mantenerse vigente / _cPilar Castaño |
| 250 | _aPrimera edición | ||
| 260 |
_aBogotá : _bAguilar, Altea,Taurus, _c2013. |
||
| 300 |
_a159 Páginas : _bIlustraciones en color ; _c21 cm. |
||
| 505 | 0 | _aDescubre la maravilla de ser mujer -- La seguridad: El arma secreta -- El comienzo -- El encuentro con nuestra identidad y estilo toma medoia vida -- Si no tuviste -- Accesorios Regresa a lo básico | |
| 650 | 2 | 4 |
_aModa _910353 |
| 650 | 2 | 4 |
_aPrendas de vestir _910354 |
| 650 | 2 | 4 |
_aEtiqueta _910355 |
| 942 |
_2ddc _cBK |
||
| 999 |
_c4134 _d4134 |
||